| 000 | nam a22 7a 4500 | ||
|---|---|---|---|
| 999 |
_c29411 _d29411 |
||
| 008 | 171205b xxu||||| |||| 00| 0 eng d | ||
| 020 | _a9789966252029 | ||
| 050 | _aPJ 7816 .S55 2003 | ||
| 100 | _aShihemi, Joy | ||
| 245 |
_aEntre Copains 1 : _ba French course book for secondary schools / _cJoy Shihemi, Joy Simekha & James Odhiambo |
||
| 260 |
_aNairobi : _bEast African Educational Publishers Ltd., _c c2003. |
||
| 300 |
_axiii, 132 p. : _bcol. ill. ; _c26 cm. |
||
| 650 |
_aFrench language _vSecondary schools. |
||
| 700 | _aSimekha, Joy | ||
| 700 | _aOdhiambo, James. | ||
| 942 |
_2lcc _cBOOKS _hPJ 7816 .S55 2003 |
||